[Event "Titled Tuesday intern op 16th Apr Early"]
[Site "Chess.com INT"]
[Date "2024.04.16"]
[Round "3"]
[White "Chincholimath, Halsagar"]
[Black "Kekic, Armin"]
[Result "0-1"]
[WhiteElo "1852"]
[BlackElo "2138"]
[PlyCount "66"]
[EventDate "2024.04.16"]
[EventType "swiss (blitz)"]
[EventRounds "11"]
[EventCountry "USA"]
[SourceTitle "CB17_2024"]
[SourceDate "2024.04.24"]
[SourceVersion "1"]
[SourceVersionDate "2024.04.24"]
[SourceQuality "1"]

1. e4 c6 2. Nc3 d5 3. Nf3 Bg4 4. h3 Bh5 5. Be2 e6 6. 0-0 Nf6 7. d3 Be7 8. Bf4 0-0 9. Qd2 dxe4 10. dxe4 Qxd2 11. Bxd2 Nbd7 12. Bf4 Nc5 13. e5 Nd5 14. Bg3 Nxc3 15. bxc3 Ne4 16. Rab1 Bxf3 17. Bxf3 Nd2 18. Rxb7 Nxf1 19. Kxf1 Bc5 20. Bxc6 Rac8 21. Be4 Bb6 22. Bd3 Rxc3 23. Bh4 g6 24. a3 h5 25. Bf6 Rfc8 26. a4 R3c7 27. Rxc7 Rxc7 28. Ke2 Rc5 29. g4 hxg4 30. hxg4 Ra5 31. Bb5 a6 32. Bd7 Rc5 33. Bc8 Rxc8 0-1

[Event "Titled Tuesday intern op 16th Apr Early"]
[Site "Chess.com INT"]
[Date "2024.04.16"]
[Round "5"]
[White "Murthy, Pappu LN"]
[Black "Kekic, Armin"]
[Result "1-0"]
[WhiteElo "1893"]
[BlackElo "2138"]
[PlyCount "69"]
[EventDate "2024.04.16"]
[EventType "swiss (blitz)"]
[EventRounds "11"]
[EventCountry "USA"]
[SourceTitle "CB17_2024"]
[SourceDate "2024.04.24"]
[SourceVersion "1"]
[SourceVersionDate "2024.04.24"]
[SourceQuality "1"]

1. e4 c6 2. d4 d5 3. e5 Bf5 4. h4 h5 5. Bg5 Qb6 6. Bd3 Bxd3 7. Qxd3 e6 8. Nd2 Be7 9. c4 dxc4 10. Nxc4 Qc7 11. Bxe7 Nxe7 12. Nd6+ Kf8 13. Qf3 Nd5 14. Nh3 Qe7 15. Ng5 f6 16. exf6 gxf6 17. Nde4 Nd7 18. 0-0-0 c5 19. Kb1 cxd4 20. Rxd4 Ne5 21. Qg3 Nc6 22. Nc5 fxg5 23. Rd3 g4 24. f3 Qxc5 25. fxg4 Ke7 26. Re1 Kd7 27. Qf3 Raf8 28. Qe2 Re8 29. gxh5 Nce7 30. g4 Qd6 31. Red1 Rc8 32. g5 Rhf8 33. g6 Nf5 34. Qd2 Rfe8 35. h6 1-0

[Event "Titled Tuesday intern op 06th Feb Late"]
[Site "Chess.com INT"]
[Date "2024.02.06"]
[Round "6"]
[White "Kekic, Armin"]
[Black "Banerjee, Supratit"]
[Result "0-1"]
[WhiteElo "2138"]
[BlackElo "2137"]
[PlyCount "124"]
[EventDate "2024.02.06"]
[EventType "swiss (blitz)"]
[EventRounds "11"]
[EventCountry "USA"]
[SourceTitle "CB07_2024"]
[SourceDate "2024.02.14"]
[SourceVersion "1"]
[SourceVersionDate "2024.02.14"]
[SourceQuality "1"]

1. e4 e6 2. d4 d5 3. exd5 exd5 4. Bd3 Nf6 5. Ne2 Bd6 6. Bf4 0-0 7. 0-0 c6 8. c3 Re8 9. Bxd6 Qxd6 10. Nd2 Bg4 11. f3 Bh5 12. Ng3 Bg6 13. Qc2 Nbd7 14. Rae1 a5 15. Nf5 Qf8 16. g4 a4 17. h4 h5 18. g5 Nh7 19. Ng3 Qd6 20. Kg2 Nhf8 21. Rxe8 Rxe8 22. f4 Bxd3 23. Qxd3 Ng6 24. Nxh5 Nxh4+ 25. Kg3 Ng6 26. Nf3 Re4 27. Ne5 Ngxe5 28. dxe5 Qg6 29. Rh1 Nxe5 30. Qd1 Nd7 31. Qg4 Re3+ 32. Kh4 Qe6 33. Qxe6 fxe6 34. Rh2 Re4 35. Kg3 Nc5 36. Kf3 Nd3 37. Rd2 Nc5 38. Ng3 Rc4 39. a3 Ne4 40. Re2 Nxg3 41. Kxg3 Kf7 42. Rh2 Kg6 43. Rh8 Re4 44. Rb8 b5 45. Rc8 Rc4 46. Rb8 e5 47. fxe5 Kxg5 48. Rb7 Kf5 49. Rxg7 Kxe5 50. Kf3 Rh4 51. Rg5+ Kd6 52. Rg2 Kc5 53. Ke3 Kc4 54. Kd2 d4 55. cxd4 Rxd4+ 56. Kc2 c5 57. Rf2 b4 58. axb4 cxb4 59. Rf8 b3+ 60. Kc1 Kd3 61. Rf3+ Ke2 62. Rf8 Rd1# 0-1

[Event "Titled Tuesday intern op 06th Feb Early"]
[Site "Chess.com INT"]
[Date "2024.02.06"]
[Round "8"]
[White "Kekic, Armin"]
[Black "Dolezal, Cristian"]
[Result "0-1"]
[WhiteElo "2138"]
[BlackElo "2379"]
[PlyCount "100"]
[EventDate "2024.02.06"]
[EventType "swiss (blitz)"]
[EventRounds "11"]
[EventCountry "USA"]
[SourceTitle "CB07_2024"]
[SourceDate "2024.02.14"]
[SourceVersion "1"]
[SourceVersionDate "2024.02.14"]
[SourceQuality "1"]

1. e4 c6 2. d4 d5 3. Nd2 dxe4 4. Nxe4 Nf6 5. Nxf6+ gxf6 6. g3 h5 7. h3 Bf5 8. Bg2 Na6 9. c3 Qd7 10. Nf3 0-0-0 11. Nh4 Be6 12. Qe2 Nc7 13. Be3 Kb8 14. Bf3 Bd5 15. c4 Bxf3 16. Qxf3 Bh6 17. 0-0-0 Qe6 18. b3 Bxe3+ 19. Qxe3 Qxe3+ 20. fxe3 e6 21. Rdg1 Rdg8 22. Kd2 Ne8 23. c5 Kc7 24. Ke2 f5 25. Nf3 Kd7 26. Ne5+ Ke7 27. Kf3 Nf6 28. Rg2 Rg7 29. Rhg1 Rhg8 30. Nd3 Ne4 31. Nf4 Rh7 32. Nd3 Ng5+ 33. Ke2 Nxh3 34. Rh1 Ng5 35. Nf4 Rgh8 36. Rgh2 Ne4 37. Kf3 Rg7 38. Nxh5 Rxh5 39. Rxh5 Rxg3+ 40. Kf4 Rg4+ 41. Kf3 Ng5+ 42. Kf2 Ne4+ 43. Kf3 Rg3+ 44. Kf4 Rg2 45. Rh7 Nf6 46. R7h2 Nd5+ 47. Kf3 Rg4 48. Rh7 Re4 49. Re1 Rg4 50. Reh1 Nf6 0-1

[Event "Titled Tuesday intern op 06th Feb Early"]
[Site "Chess.com INT"]
[Date "2024.02.06"]
[Round "3"]
[White "Kekic, Armin"]
[Black "Tarnowska, Aleksandra"]
[Result "1/2-1/2"]
[WhiteElo "2138"]
[BlackElo "1793"]
[PlyCount "165"]
[EventDate "2024.02.06"]
[EventType "swiss (blitz)"]
[EventRounds "11"]
[EventCountry "USA"]
[SourceTitle "CB07_2024"]
[SourceDate "2024.02.14"]
[SourceVersion "1"]
[SourceVersionDate "2024.02.14"]
[SourceQuality "1"]

1. e4 c5 2. Nf3 e6 3. d4 cxd4 4. Nxd4 a6 5. Bd3 Bc5 6. Nb3 Be7 7. 0-0 d6 8. Kh1 Nd7 9. Nc3 Qc7 10. f4 g6 11. Be3 Ngf6 12. Qf3 Rb8 13. Rae1 b5 14. a3 Bb7 15. Qh3 h5 16. Bd4 Nc5 17. Nxc5 dxc5 18. Bxf6 Bxf6 19. e5 Be7 20. Be4 b4 21. Nd1 bxa3 22. Qxa3 Kf8 23. Nc3 h4 24. h3 c4 25. Qa2 Bb4 26. Rf3 Bxc3 27. Rxc3 Bxe4 28. Rxe4 Qb7 29. Rexc4 Qxb2 30. Qxb2 Rxb2 31. Rc6 Ra2 32. Rb3 Kg7 33. Rb7 Re8 34. Rcc7 Rf8 35. c4 a5 36. Re7 Rc2 37. Rec7 a4 38. Ra7 Ra2 39. c5 g5 40. fxg5 Kg6 41. c6 a3 42. Kh2 Kxg5 43. Ra4 Kf5 44. Rca7 Rc2 45. c7 Kxe5 46. Rxh4 Rc8 47. Rha4 R2xc7 48. Rxc7 Rxc7 49. Rxa3 f5 50. h4 Kf6 51. Ra6 Rc4 52. Kh3 Ke5 53. g3 Kf6 54. Kg2 Rc2+ 55. Kf3 Rc3+ 56. Kg2 Rc2+ 57. Kh3 Rc3 58. Ra4 Rc1 59. Ra8 Rc3 60. Rf8+ Kg7 61. Re8 Kf7 62. Ra8 f4 63. Kg4 fxg3 64. Kh3 Kf6 65. Rg8 e5 66. h5 Kf7 67. Rg4 Kf6 68. h6 Rc7 69. Kh4 Rh7 70. Kh5 Kf5 71. Rxg3 Kf4 72. Rg7 Rh8 73. Rf7+ Ke3 74. h7 e4 75. Kg4 Kd3 76. Rd7+ Ke3 77. Kf5 Kf3 78. Kg6 e3 79. Rf7+ Ke2 80. Re7 Kf2 81. Rxe3 Kxe3 82. Kg7 Rxh7+ 83. Kxh7 1/2-1/2

[Event "Titled Tuesday intern op 06th Feb Early"]
[Site "Chess.com INT"]
[Date "2024.02.06"]
[Round "4"]
[White "Vincenti, Leonardo"]
[Black "Kekic, Armin"]
[Result "0-1"]
[WhiteElo "2085"]
[BlackElo "2138"]
[PlyCount "130"]
[EventDate "2024.02.06"]
[EventType "swiss (blitz)"]
[EventRounds "11"]
[EventCountry "USA"]
[SourceTitle "CB07_2024"]
[SourceDate "2024.02.14"]
[SourceVersion "1"]
[SourceVersionDate "2024.02.14"]
[SourceQuality "1"]

1. e4 c5 2. Nf3 e6 3. b3 Nf6 4. e5 Nd5 5. d4 Nc6 6. Bb2 cxd4 7. Nxd4 Nxd4 8. Bxd4 Qc7 9. Qd2 Bb4 10. c3 Bc5 11. Bc4 Bxd4 12. cxd4 Nb6 13. Bd3 d6 14. exd6 Qxd6 15. 0-0 Bd7 16. Be4 Bc6 17. Nc3 Nd5 18. Nxd5 Bxd5 19. Bd3 0-0 20. Qe3 Rac8 21. Rac1 Qa3 22. Qd2 g6 23. Rxc8 Rxc8 24. h4 a5 25. h5 Qb4 26. Qf4 Qe7 27. hxg6 hxg6 28. Rc1 Rxc1+ 29. Qxc1 Qb4 30. Qe3 Qc3 31. Kh2 Qb2 32. Bc4 Bxc4 33. bxc4 Qxa2 34. c5 Qc4 35. Kg1 a4 36. g3 Qb3 37. Qc1 a3 38. c6 bxc6 39. Qxc6 a2 40. Qe8+ Kg7 41. Qb8 Qxb8 42. Kg2 a1Q 43. d5 Qb7 44. Kh2 Qxd5 45. f3 Qh1+ 46. Kxh1 Qxf3+ 47. Kh2 g5 48. Kh3 f5 49. Kh2 g4 50. Kg1 Qxg3+ 51. Kh1 Qf3+ 52. Kg1 Qe2 53. Kh1 f4 54. Kg1 e5 55. Kh1 e4 56. Kg1 e3 57. Kh1 f3 58. Kg1 g3 59. Kh1 Qa2 60. Kg1 Kf6 61. Kh1 Kg5 62. Kg1 Kh4 63. Kh1 Kh3 64. Kg1 f2+ 65. Kh1 g2# 0-1

[Event "Titled Tuesday intern op 09th Jan Early"]
[Site "Chess.com INT"]
[Date "2024.01.09"]
[Round "9"]
[White "Joie, Sebastien"]
[Black "Kekic, Armin"]
[Result "1-0"]
[WhiteElo "2390"]
[BlackElo "2138"]
[PlyCount "85"]
[EventDate "2024.01.09"]
[EventType "swiss (blitz)"]
[EventRounds "11"]
[EventCountry "USA"]
[SourceTitle "CB03_2024"]
[SourceDate "2024.01.17"]
[SourceVersion "1"]
[SourceVersionDate "2024.01.17"]
[SourceQuality "1"]

1. d4 d6 2. c4 e5 3. d5 Nf6 4. Nc3 Be7 5. e4 Nbd7 6. Bd3 a5 7. Nge2 Nc5 8. Bc2 0-0 9. 0-0 Bd7 10. Ng3 g6 11. f4 exf4 12. Bxf4 Bg4 13. Qd2 Nh5 14. Nxh5 Bxh5 15. e5 g5 16. exd6 cxd6 17. Be3 Bg6 18. Bd4 Nd7 19. Rae1 f6 20. Re6 Ne5 21. Bxe5 dxe5 22. Bxg6 hxg6 23. d6 Qb6+ 24. Kh1 Bd8 25. Nd5 Qd4 26. Qc2 Rc8 27. Qxg6+ Kh8 28. Qh6+ Kg8 29. Rexf6 Bxf6 30. Nxf6+ Rxf6 31. Qxf6 Qxc4 32. d7 Qxf1+ 33. Qxf1 Rd8 34. Qd1 Kf7 35. Qd6 e4 36. h3 e3 37. Kg1 b5 38. Kf1 b4 39. Ke2 a4 40. Kxe3 b3 41. axb3 axb3 42. Ke4 g4 43. hxg4 1-0

[Event "Titled Tuesday intern op 09th Jan Early"]
[Site "Chess.com INT"]
[Date "2024.01.09"]
[Round "2"]
[White "Kekic, Armin"]
[Black "Matta, Nicholas F"]
[Result "1/2-1/2"]
[WhiteElo "2138"]
[BlackElo "2286"]
[PlyCount "76"]
[EventDate "2024.01.09"]
[EventType "swiss (blitz)"]
[EventRounds "11"]
[EventCountry "USA"]
[SourceTitle "CB03_2024"]
[SourceDate "2024.01.17"]
[SourceVersion "1"]
[SourceVersionDate "2024.01.17"]
[SourceQuality "1"]

1. e4 c5 2. Nf3 Nf6 3. Nc3 d5 4. exd5 Nxd5 5. Bc4 Nxc3 6. bxc3 e6 7. 0-0 Be7 8. d4 0-0 9. Bf4 Nd7 10. Ne5 Nxe5 11. Bxe5 Bd7 12. Bd3 Bc6 13. Qg4 Bf6 14. Rad1 Bxe5 15. dxe5 Qe7 16. Be4 Bxe4 17. Qxe4 Rfd8 18. Rd3 Rd7 19. Rfd1 Rad8 20. Rxd7 Rxd7 21. Rxd7 Qxd7 22. Qd3 Qc7 23. f4 g6 24. c4 Qa5 25. Kf2 Kg7 26. a3 Qa4 27. Qb3 Qc6 28. Qd3 a6 29. Qd8 h5 30. Qf6+ Kg8 31. Qd8+ Kh7 32. Qe7 Kg7 33. Qf6+ Kf8 34. Qh8+ Ke7 35. Qf6+ Ke8 36. Qh8+ Ke7 37. Qf6+ Kf8 38. Qh8+ Ke7 1/2-1/2

[Event "EU-ch Blitz"]
[Site "Zagreb"]
[Date "2023.12.16"]
[Round "2"]
[White "Dardha, Daniel"]
[Black "Kekic, Armin"]
[Result "1-0"]
[WhiteElo "2598"]
[BlackElo "2126"]
[PlyCount "83"]
[EventDate "2023.12.16"]
[EventType "swiss (blitz)"]
[EventRounds "13"]
[EventCountry "CRO"]
[SourceTitle "CB51_2023"]
[SourceDate "2023.12.20"]
[SourceVersion "1"]
[SourceVersionDate "2023.12.20"]
[SourceQuality "1"]

1. d4 d5 2. c4 e6 3. Nf3 Nf6 4. Nc3 Be7 5. g3 0-0 6. Bg2 c6 7. 0-0 Nbd7 8. Qd3 b6 9. e4 Ba6 10. b3 h6 11. Rd1 Rc8 12. a4 Qc7 13. Bf4 Qb7 14. Ne5 Rfd8 15. Qc2 Bb4 16. Na2 Bf8 17. Nxd7 Rxd7 18. e5 Ne8 19. Rac1 Rcc7 20. Qc3 Qc8 21. Nb4 Bb7 22. Qe1 a5 23. Na2 c5 24. Nc3 dxc4 25. d5 cxb3 26. d6 Bxg2 27. Kxg2 Qb7+ 28. Kg1 Rc8 29. Nb5 c4 30. Qe2 g5 31. Bd2 Bg7 32. Bc3 Rc5 33. Bb2 Qc6 34. Qe3 Bh8 35. f4 g4 36. Qe2 h5 37. Rd4 Ng7 38. Rdxc4 Nf5 39. Rxc5 bxc5 40. Qg2 Qb6 41. Qf2 Bg7 42. Qxc5 1-0

[Event "Sarajevo Bosna op 51st"]
[Site "Sarajevo"]
[Date "2022.12.06"]
[Round "7"]
[White "Drazic, Sinisa"]
[Black "Kekic, Armin"]
[Result "1-0"]
[WhiteElo "2372"]
[BlackElo "2133"]
[PlyCount "57"]
[EventDate "2022.12.02"]
[EventType "swiss"]
[EventRounds "7"]
[EventCountry "BIH"]
[SourceTitle "CBM 211 Extra"]
[Source "ChessBase"]
[SourceDate "2023.01.31"]
[SourceVersion "1"]
[SourceVersionDate "2023.01.31"]
[SourceQuality "1"]

1. d4 d5 2. Bg5 h6 3. Bh4 c6 4. e3 Nd7 5. Nf3 Ngf6 6. Nbd2 g5 7. Bg3 Bg7 8. c4 Nb6 9. cxd5 cxd5 10. Bd3 0-0 11. h3 Bd7 12. 0-0 Rc8 13. Ne5 a6 14. Qb3 Ba4 15. Qb4 Bc2 16. Rac1 Bxd3 17. Nxd3 Nfd7 18. a4 a5 19. Qb5 Re8 20. Rxc8 Qxc8 21. Rc1 Qa8 22. b3 Rc8 23. Rc7 Rxc7 24. Bxc7 Qc8 25. Bxb6 Nxb6 26. Nc5 Qc7 27. Nf3 f5 28. Qe8+ Kh7 29. Qf7 1-0

[Event "Sarajevo Bosna op 51st"]
[Site "Sarajevo"]
[Date "2022.12.06"]
[Round "6"]
[White "Kekic, Armin"]
[Black "Dizdarevic, Emir"]
[Result "1/2-1/2"]
[WhiteElo "2133"]
[BlackElo "2356"]
[PlyCount "24"]
[EventDate "2022.12.02"]
[EventType "swiss"]
[EventRounds "7"]
[EventCountry "BIH"]
[SourceTitle "CBM 211 Extra"]
[Source "ChessBase"]
[SourceDate "2023.01.31"]
[SourceVersion "1"]
[SourceVersionDate "2023.01.31"]
[SourceQuality "1"]

1. e4 c6 2. d4 d5 3. Nd2 dxe4 4. Nxe4 Nf6 5. Nxf6+ exf6 6. c3 Bd6 7. Bd3 c5 8. Ne2 cxd4 9. Nxd4 0-0 10. 0-0 Nc6 11. Be3 Nxd4 12. Bxd4 Be5 1/2-1/2

[Event "Sarajevo Bosna op 51st"]
[Site "Sarajevo"]
[Date "2022.12.05"]
[Round "5"]
[White "Srdanovic, Ljuban"]
[Black "Kekic, Armin"]
[Result "0-1"]
[WhiteElo "1870"]
[BlackElo "2133"]
[PlyCount "156"]
[EventDate "2022.12.02"]
[EventType "swiss"]
[EventRounds "7"]
[EventCountry "BIH"]
[SourceTitle "CBM 211 Extra"]
[Source "ChessBase"]
[SourceDate "2023.01.31"]
[SourceVersion "1"]
[SourceVersionDate "2023.01.31"]
[SourceQuality "1"]

1. e4 c6 2. d4 d5 3. e5 Bf5 4. Nf3 e6 5. Be2 c5 6. c3 Nc6 7. 0-0 cxd4 8. cxd4 Nge7 9. Nc3 Nc8 10. a3 Be7 11. b4 0-0 12. Be3 Nb6 13. Rc1 Rc8 14. h3 Nc4 15. Bxc4 dxc4 16. d5 exd5 17. Nxd5 Bd3 18. Nxe7+ Nxe7 19. Bc5 b6 20. Bxe7 Qxe7 21. Re1 Rfd8 22. Qd2 b5 23. Qc3 h6 24. Re3 a6 25. Rce1 Qe6 26. g4 Rd5 27. Nd4 Qb6 28. Rxd3 Rcd8 29. Rde3 Qxd4 30. Kf1 Qxc3 31. Rxc3 Rd3 32. Re3 Rxc3 33. Rxc3 Rd2 34. Ke1 Rb2 35. f4 Kf8 36. f5 Ke7 37. Kd1 Kd7 38. Re3 Ra2 39. Kc1 Ke7 40. e6 Rh2 41. exf7+ Kxf7 42. Kd1 h5 43. g5 Rf2 44. Re5 Rf3 45. h4 Rxa3 46. Rc5 Rd3+ 47. Kc2 Rd4 48. Rc7+ Kf8 49. Rc8+ Ke7 50. Rc7+ Rd7 51. Rc6 Rd6 52. Rc7+ Kf8 53. Rc8+ Kf7 54. Rc7+ Kf8 55. g6 Rf6 56. Rc5 Rd6 57. Rc8+ Ke7 58. Rc7+ Kf6 59. Rf7+ Ke5 60. Rxg7 Kxf5 61. Rf7+ Kxg6 62. Rf4 Rd3 63. Rf8 Rb3 64. Rg8+ Kh7 65. Rg5 Kh6 66. Rc5 Rxb4 67. Rc6+ Kg7 68. Rxa6 Rb3 69. Rb6 Rh3 70. Rxb5 Rxh4 71. Rb6 Re4 72. Kc3 h4 73. Kd2 h3 74. Ra6 h2 75. Ra1 Kf6 76. Rh1 Rh4 77. Ke3 Ke5 78. Kf3 Kd4 0-1

[Event "Tuzla op 16th"]
[Site "Tuzla"]
[Date "2022.11.27"]
[Round "7"]
[White "Kekic, Armin"]
[Black "Mrndjic, Muamer"]
[Result "0-1"]
[WhiteElo "2138"]
[BlackElo "2204"]
[PlyCount "64"]
[EventDate "2022.11.24"]
[EventType "swiss"]
[EventRounds "7"]
[EventCountry "BIH"]
[SourceTitle "CBM 211 Extra"]
[Source "ChessBase"]
[SourceDate "2023.01.31"]
[SourceVersion "1"]
[SourceVersionDate "2023.01.31"]
[SourceQuality "1"]

1. e4 c5 2. Nf3 d6 3. d4 cxd4 4. Nxd4 Nf6 5. Nc3 a6 6. Bg5 e6 7. f4 Qb6 8. Qd2 Qxb2 9. Rb1 Qa3 10. Bd3 Nbd7 11. f5 e5 12. Nb3 Be7 13. 0-0 h6 14. Bxf6 Nxf6 15. Kh1 b5 16. Nd5 Nxd5 17. exd5 Bd7 18. Qe1 Rc8 19. Qg3 Bf6 20. Nd2 Qc5 21. Ne4 Qxd5 22. Nxf6+ gxf6 23. Rbe1 Qb7 24. Re4 h5 25. Rh4 Ke7 26. Qh3 Bc6 27. Rf2 Rcg8 28. Bf1 Rg5 29. Kg1 Qb6 30. c4 b4 31. Qd3 Qc5 32. Qe2 Rxf5 0-1

[Event "Tuzla op 16th"]
[Site "Tuzla"]
[Date "2022.11.25"]
[Round "2"]
[White "Hogic, Enes"]
[Black "Kekic, Armin"]
[Result "0-1"]
[WhiteElo "1985"]
[BlackElo "2138"]
[PlyCount "78"]
[EventDate "2022.11.24"]
[EventType "swiss"]
[EventRounds "7"]
[EventCountry "BIH"]
[SourceTitle "CBM 211 Extra"]
[Source "ChessBase"]
[SourceDate "2023.01.31"]
[SourceVersion "1"]
[SourceVersionDate "2023.01.31"]
[SourceQuality "1"]

1. e4 c5 2. Nc3 e6 3. Nf3 a6 4. a4 d6 5. Bc4 Nf6 6. 0-0 Qc7 7. Re1 Nc6 8. b3 Be7 9. Bb2 0-0 10. Bf1 b6 11. d3 Bb7 12. Ne2 d5 13. Ng3 dxe4 14. dxe4 Rfd8 15. Bd3 Nb4 16. Qe2 Nxd3 17. cxd3 b5 18. a5 Rac8 19. Be5 Qd7 20. Red1 Qe8 21. Bxf6 Bxf6 22. e5 Be7 23. Ne4 Rd5 24. h4 Rcd8 25. h5 Qd7 26. d4 cxd4 27. Rd3 Qc7 28. Rad1 Qxa5 29. g4 Qc7 30. g5 R5d7 31. g6 hxg6 32. hxg6 fxg6 33. Kh2 Qc6 34. Nfd2 Rf8 35. Rg1 Rf4 36. Rxg6 Rxe4 37. Nxe4 Qxe4 38. Qg4 Qh1+ 39. Kg3 Qg2+ 0-1

[Event "BIH-chT 29th"]
[Site "Bihac"]
[Date "2022.08.26"]
[Round "6.4"]
[White "Kekic, Armin"]
[Black "Dugonjic, Dragan"]
[Result "1-0"]
[WhiteElo "2136"]
[BlackElo "2019"]
[PlyCount "95"]
[EventDate "2022.08.23"]
[EventType "tourn"]
[EventRounds "9"]
[EventCountry "BIH"]
[SourceTitle "CBM 210 Extra"]
[Source "ChessBase"]
[SourceDate "2022.11.30"]
[SourceVersion "1"]
[SourceVersionDate "2022.11.30"]
[SourceQuality "1"]

1. e4 c6 2. d4 d5 3. Nc3 a6 4. Nf3 Bg4 5. Be2 e6 6. 0-0 Nf6 7. Bg5 Be7 8. e5 Nfd7 9. Bxe7 Qxe7 10. Nb1 c5 11. c3 Nc6 12. a3 Bxf3 13. Bxf3 cxd4 14. cxd4 Qh4 15. Nc3 Qxd4 16. Qb3 Qb6 17. Qd1 Ncxe5 18. Bxd5 exd5 19. Nxd5 Qd6 20. f4 Nc6 21. Re1+ Kf8 22. Qf3 Nf6 23. Ne3 g6 24. Rad1 Qc5 25. b4 Qc3 26. f5 Kg7 27. fxg6 Qxe1+ 28. Rxe1 fxg6 29. Nd5 Nxd5 30. Qxd5 Rad8 31. Qc5 Rhe8 32. Rxe8 Rxe8 33. a4 Rf8 34. b5 axb5 35. axb5 Nd8 36. Qe7+ Kg8 37. h3 h5 38. h4 Rf7 39. Qxd8+ Kg7 40. b6 Kh7 41. Qc7 Kg7 42. Kh2 Kf6 43. Kg3 Kg7 44. Qe5+ Kh7 45. Kh3 Kg8 46. g4 hxg4+ 47. Kxg4 Kh7 48. Kg5 1-0

[Event "BIH-chT 29th"]
[Site "Bihac"]
[Date "2022.08.24"]
[Round "2.4"]
[White "Kekic, Armin"]
[Black "Hadzic, Sabahet"]
[Result "1/2-1/2"]
[WhiteElo "2136"]
[BlackElo "1983"]
[PlyCount "22"]
[EventDate "2022.08.23"]
[EventType "tourn"]
[EventRounds "9"]
[EventCountry "BIH"]
[SourceTitle "CBM 210 Extra"]
[Source "ChessBase"]
[SourceDate "2022.11.30"]
[SourceVersion "1"]
[SourceVersionDate "2022.11.30"]
[SourceQuality "1"]

1. c4 Nf6 2. g3 e5 3. Bg2 Nc6 4. Nc3 Be7 5. Nf3 0-0 6. 0-0 d5 7. cxd5 Nxd5 8. Nxe5 Nxc3 9. Nxc6 Nxe2+ 10. Qxe2 bxc6 11. Bxc6 Rb8 1/2-1/2